000 nam a22 7a 4500
999 _c10015
_d10015
008 180209b ||||| |||| 00| 0 eng d
100 _aRandall, R P
_96026
245 _aDick Whittington
260 _aLondon
_bLadybird Publication
_c1994